Securing Web services with WS-Security : (Record no. 219424)
[ view plain ]
| 000 -LEADER | |
|---|---|
| fixed length control field | 01301 a2200229 4500 |
| 003 - CONTROL NUMBER IDENTIFIER | |
| control field | Nust |
| 005 - DATE AND TIME OF LATEST TRANSACTION | |
| control field | 20220726160424.0 |
| 010 ## - LIBRARY OF CONGRESS CONTROL NUMBER | |
| LC control number | 2003099324 |
| 020 ## - INTERNATIONAL STANDARD BOOK NUMBER | |
| International Standard Book Number | 0672326515 (pbk.) |
| 040 ## - CATALOGING SOURCE | |
| Transcribing agency | Nust |
| 082 00 - DEWEY DECIMAL CLASSIFICATION NUMBER | |
| Classification number | 005.8,ROS |
| 100 1# - MAIN ENTRY--PERSONAL NAME | |
| Personal name | Rosenberg, Jonathan B., |
| 9 (RLIN) | 95326 |
| 245 10 - TITLE STATEMENT | |
| Title | Securing Web services with WS-Security : |
| Remainder of title | demystifying WS-Security, WS-Policy, SAML, XML Signature, and XML Encryption / |
| Statement of responsibility, etc. | Jothy Rosenberg, David L. Remy. |
| 260 ## - PUBLICATION, DISTRIBUTION, ETC. | |
| Place of publication, distribution, etc. | Indianapolis, IN : |
| Name of publisher, distributor, etc. | SAMS, |
| Date of publication, distribution, etc. | c2004. |
| 300 ## - PHYSICAL DESCRIPTION | |
| Extent | xiv, 378 p. : |
| Other physical details | ill. ; |
| Dimensions | 23 cm. |
| 505 ## - FORMATTED CONTENTS NOTE | |
| Formatted contents note | Basic concepts of web services security (Page-5),The foundations of web services (Page-25),The foundations of distributed message-level security (Page-69), Safeguarding the identity and integrity of XML messages (Page-105), Ensuring confidentiality of XML messages (Page-147), Portable identity authentication and authorization (Page-177), Building security (Page-201), Communication security policy (Page-235), Trust access control and rights for web services (Page-235), Building a secure web service using BEA's Weblogic workshop (Page-293). |
| 650 #0 - SUBJECT ADDED ENTRY--TOPICAL TERM | |
| Topical term or geographic name entry element | Computer networks |
| General subdivision | Security measures. |
| 9 (RLIN) | 466 |
| 650 #0 - SUBJECT ADDED ENTRY--TOPICAL TERM | |
| Topical term or geographic name entry element | Web services. |
| 9 (RLIN) | 94192 |
| 650 #0 - SUBJECT ADDED ENTRY--TOPICAL TERM | |
| Topical term or geographic name entry element | Web sites |
| General subdivision | Security measures. |
| 9 (RLIN) | 95327 |
| 700 1# - ADDED ENTRY--PERSONAL NAME | |
| Personal name | Remy, David L. |
| 9 (RLIN) | 95328 |
| 942 ## - ADDED ENTRY ELEMENTS (KOHA) | |
| Koha item type | Reference |
| Source of classification or shelving scheme | |
| Withdrawn status | Lost status | Source of classification or shelving scheme | Damaged status | Not for loan | Permanent Location | Current Location | Shelving location | Date acquired | Full call number | Barcode | Date last seen | Price effective from | Koha item type | Public note |
|---|---|---|---|---|---|---|---|---|---|---|---|---|---|---|
| Military College of Signals (MCS) | Military College of Signals (MCS) | Reference | 12/12/2016 | 005.8,ROS | MCS37463 | 12/08/2016 | 12/12/2016 | Book | Almirah No.18, Shelf No.3 |
